[Event "Monte Grande op"]
[Site "Monte Grande"]
[Date "2023.11.26"]
[Round "5"]
[White "Mega, Diego Jose"]
[Black "Capuano, Gabriel"]
[Result "0-1"]
[WhiteElo "1503"]
[BlackElo "1755"]
[PlyCount "113"]
[EventDate "2023.11.24"]
[EventType "swiss"]
[EventRounds "6"]
[EventCountry "ARG"]
[SourceTitle "CB49_2023"]
[SourceDate "2023.12.06"]
[SourceVersion "1"]
[SourceVersionDate "2023.12.06"]
[SourceQuality "1"]

1. d4 Nf6 2. Nf3 e6 3. Bf4 c5 4. e3 Qb6 5. b3 Nc6 6. c3 cxd4 7. exd4 Nd5 8. Bg3 d6 9. Bd3 Bd7 10. 0-0 Rc8 11. a3 Be7 12. c4 Nc7 13. d5 Nd4 14. Nxd4 Qxd4 15. Ra2 e5 16. Rd2 Qb6 17. Kh1 Na6 18. f4 exf4 19. Rxf4 0-0 20. Bh4 Qd8 21. Bxh7+ Kxh7 22. Qh5+ Kg8 23. Bxe7 Qxe7 24. Re2 g6 25. Rxe7 gxh5 26. Rxd7 Rce8 27. Rf1 Nc5 28. Rxd6 Nxb3 29. Rdf6 Re4 30. R6f3 Nc5 31. Nd2 Rd4 32. Nb3 Rxc4 33. Nxc5 Rxc5 34. Rd3 Rd8 35. Rfd1 Rd6 36. h4 Kg7 37. g3 Rc2 38. Rf3 Kg6 39. Rd4 f5 40. Re3 Kf6 41. Red3 Re2 42. Kg1 Re4 43. Kf2 Rxd4 44. Rxd4 Ke5 45. Ke3 a5 46. Rd3 Rxd5 47. Rb3 b5 48. Rc3 b4 49. Rb3 Rd4 50. axb4 Rxb4 51. Rc3 Kd5 52. Rc8 Rb3+ 53. Kf4 Ra3 54. Ra8 a4 55. Ra5+ Kc6 56. Kxf5 Rxg3 57. Ra8 0-1